<?xml version="1.0" encoding="UTF-8"?>
<record
    xmlns:xsi="http://www.w3.org/2001/XMLSchema-instance"
    xsi:schemaLocation="http://www.loc.gov/MARC21/slim http://www.loc.gov/standards/marcxml/schema/MARC21slim.xsd"
    xmlns="http://www.loc.gov/MARC21/slim">

  <leader>00823nam a22002177a 4500</leader>
  <datafield tag="999" ind1=" " ind2=" ">
    <subfield code="c">20901</subfield>
    <subfield code="d">20901</subfield>
  </datafield>
  <controlfield tag="005">20200305043109.0</controlfield>
  <controlfield tag="008">200305b        xxu||||| |||| 00| 0 spa d</controlfield>
  <datafield tag="040" ind1=" " ind2=" ">
    <subfield code="a">CO-BoIAVH </subfield>
    <subfield code="c">CO-BoIAVH </subfield>
  </datafield>
  <datafield tag="041" ind1=" " ind2=" ">
    <subfield code="a">spa</subfield>
  </datafield>
  <datafield tag="044" ind1=" " ind2=" ">
    <subfield code="a">ck</subfield>
  </datafield>
  <datafield tag="110" ind1=" " ind2=" ">
    <subfield code="a">Instituto de investigaci&#xF3;n de Recursos Biol&#xF3;gicos Alexander von Humboldt</subfield>
  </datafield>
  <datafield tag="245" ind1=" " ind2=" ">
    <subfield code="a">Vivo Orotoy:</subfield>
    <subfield code="b">Biodiversidad, con b de beneficios.</subfield>
  </datafield>
  <datafield tag="250" ind1=" " ind2=" ">
    <subfield code="a">#4</subfield>
  </datafield>
  <datafield tag="260" ind1=" " ind2=" ">
    <subfield code="a">s.l.:</subfield>
    <subfield code="b">Conexi&#xF3;n vital,</subfield>
    <subfield code="b">ICAOC,</subfield>
    <subfield code="b">IDRC,</subfield>
    <subfield code="b">Corporaci&#xF3;n Ecochichimenitos,</subfield>
    <subfield code="c">s.f.</subfield>
  </datafield>
  <datafield tag="300" ind1=" " ind2=" ">
    <subfield code="a">4 Paginas:</subfield>
    <subfield code="b">Ilustraciones a color,</subfield>
    <subfield code="c">27.8 x 21.4 cm</subfield>
  </datafield>
  <datafield tag="650" ind1=" " ind2="0">
    <subfield code="a">Adaptaci&#xF3;n al cambio clim&#xE1;tico</subfield>
    <subfield code="v">Cuenca del Orotoy</subfield>
  </datafield>
  <datafield tag="650" ind1=" " ind2="0">
    <subfield code="a">Biodiversidad</subfield>
    <subfield code="x">Colombia</subfield>
  </datafield>
  <datafield tag="650" ind1=" " ind2="0">
    <subfield code="a">Transformaci&#xF3;n de ecosistemas</subfield>
  </datafield>
  <datafield tag="650" ind1=" " ind2="0">
    <subfield code="a">Usos de la tierra</subfield>
    <subfield code="x"> Aspectos ambientales</subfield>
  </datafield>
  <datafield tag="942" ind1=" " ind2=" ">
    <subfield code="2">ddc</subfield>
    <subfield code="c">Folleto</subfield>
  </datafield>
  <datafield tag="952" ind1=" " ind2=" ">
    <subfield code="0">0</subfield>
    <subfield code="1">0</subfield>
    <subfield code="2">ddc</subfield>
    <subfield code="4">0</subfield>
    <subfield code="7">0</subfield>
    <subfield code="8">HUMBOLDT</subfield>
    <subfield code="a">Bogota</subfield>
    <subfield code="b">Bogota</subfield>
    <subfield code="d">2020-03-05</subfield>
    <subfield code="l">0</subfield>
    <subfield code="o">FH-0093</subfield>
    <subfield code="p">044245</subfield>
    <subfield code="r">2020-03-05 00:00:00</subfield>
    <subfield code="t">Ej.1</subfield>
    <subfield code="w">2020-03-05</subfield>
    <subfield code="x">Institucional</subfield>
    <subfield code="y">Folleto</subfield>
  </datafield>
</record>
